000
00286nam a2200121Ia 4500
008
220216s9999 xx 000 0 und d
100
_a
Duckworth I H
245
0
_a
Creamed latex
260
_b
Proceedings of the IRI
_c
1965
300
_a
134-147
650
_a
Creamed altex
942
_c
JS
999
_c
56496
_d
56496